000 01237cam a22003618a 4500
001 2959722
003 OSt
005 20140310184408.0
008 910418s1992 nyu j 000 1 eng
010 _a 91015957
020 _a0531070824
040 _aDLC
_cDLC
_dDLC
042 _alcac
050 0 0 _aPZ 7
_b.R982An 1992
100 1 _aRylant, Cynthia.
_94596
245 1 3 _aAn angel for Solomon Singer /
_cstory by Cynthia Rylant ; paintings by Peter Catalanotto.
260 _aNew York :
_bOrchard Books,
_c1992
300 _bill. col. ;
_c27 cm.
500 _a"A Richard Jackson book."
520 _aA lonely New York City resident finds companionship and good cheer at the Westway Cafe where dreams come true.
521 _aG9
526 _c1120
650 1 _aLoneliness
_xFiction.
_925909
650 1 _aWishes
_xFiction.
_925910
650 1 _aRestaurants
_xFiction.
_925911
651 1 _aNew York (N.Y.)
_xFiction.
_925912
700 1 _aCatalanotto, Peter,
_eill.
_925913
906 _a7
_bcbc
_corignew
_d1
_eocip
_f19
_gy-gencatlg
942 _2lcc
_cBK-SCHOLAS
999 _c34068
_d34068